[Event "Sparkassen-Open B"]
[Site "Heusenstamm, Martinsee"]
[Date "2017.11.23"]
[Round "1.1"]
[White "Kirchner, Stefan"]
[Black "John, Volkmar"]
[Result "1/2-1/2"]
[WhiteElo "1546"]
[BlackElo "1796"]
[PlyCount "39"]
[EventDate "2017.??.??"]
[WhiteTeam "SF Schöneck"]
[BlackTeam "SK Herborn"]

1. e4 c5 2. Nf3 d6 3. d4 cxd4 4. Nxd4 Nf6 5. f3 e5 6. Nb5 a6 7. N5a3 Be6 8. c4
Be7 9. Be3 O-O 10. Nc3 Nbd7 11. Nd5 Bxd5 12. cxd5 Qa5+ 13. Qd2 Qxd2+ 14. Kxd2
b5 15. Bd3 Rfc8 16. Rhc1 Kf8 17. Rxc8+ Rxc8 18. Rc1 Rxc1 19. Kxc1 Bd8 20. Nc2
1/2-1/2

[Event "Sparkassen-Open B"]
[Site "Heusenstamm, Martinsee"]
[Date "2017.11.23"]
[Round "1.2"]
[White "Habiger, Gerhard"]
[Black "Adlhoch, Walter"]
[Result "0-1"]
[WhiteElo "1789"]
[BlackElo "1542"]
[PlyCount "40"]
[EventDate "2017.??.??"]
[WhiteTeam "vereinslos"]
[BlackTeam "SK Schwandorf"]

1. d4 d5 2. c4 e6 3. a3 c5 4. e3 Nf6 5. Nf3 Nc6 6. Nc3 b6 7. Bd3 cxd4 8. exd4
dxc4 9. Bxc4 Bb7 10. O-O Be7 11. h3 O-O 12. Be3 Rc8 13. Ba2 Na5 14. Qe2 Bxa3
15. Bxe6 Bxf3 16. gxf3 fxe6 17. Rxa3 Nd5 18. Rc1 Qh4 19. Kh2 Nf4 20. Bxf4 Qxf4+
0-1

[Event "Sparkassen-Open B"]
[Site "Heusenstamm, Martinsee"]
[Date "2017.11.23"]
[Round "1.3"]
[White "Goodwin, David"]
[Black "Lanz, Udo"]
[Result "0-1"]
[WhiteElo "1536"]
[BlackElo "1782"]
[PlyCount "86"]
[EventDate "2017.??.??"]
[WhiteTeam "SV Kelsterbach"]
[BlackTeam "VSG Offenbach"]

1. Nf3 f5 2. g3 g6 3. d3 Bg7 4. Nbd2 e5 5. e3 d6 6. c4 Nc6 7. a3 Nh6 8. Bg2 O-O
9. O-O g5 10. Ne1 f4 11. exf4 exf4 12. Ne4 Nd4 13. h3 Be5 14. Qh5 Nf7 15. gxf4
gxf4 16. h4 h6 17. Kh1 Nf5 18. Qg6+ Ng7 19. Nf6+ Qxf6 20. Qxf6 Bxf6 21. Bxf4
Bxh4 22. Bd5 Bg5 23. Be3 c6 24. f4 Bf6 25. Be4 Bf5 26. Rg1 Bxe4+ 27. dxe4 Kh7
28. Ra2 Rae8 29. e5 dxe5 30. Bxa7 exf4 31. Bc5 Rg8 32. Nf3 Ne6 33. Bf2 Rxg1+
34. Bxg1 Neg5 35. Nh2 h5 36. b4 Re1 37. Kg2 Ne5 38. Bd4 f3+ 39. Kg3 Ne4+ 40.
Kh3 Re2 41. Ra1 Ng5+ 42. Kg3 Rg2+ 43. Kf4 Ng6+ 0-1

[Event "Sparkassen-Open B"]
[Site "Heusenstamm, Martinsee"]
[Date "2017.11.23"]
[Round "1.4"]
[White "Draxler, Gottfried"]
[Black "Mook, Karl-Jürgen"]
[Result "1-0"]
[WhiteElo "1781"]
[BlackElo "1529"]
[PlyCount "69"]
[EventDate "2017.??.??"]
[WhiteTeam "SF Neuberg"]
[BlackTeam "SC Sulzbach"]

1. c4 e6 2. g3 d5 3. Bg2 Nf6 4. e3 Be7 5. Ne2 O-O 6. cxd5 exd5 7. Nbc3 c6 8. d4
Bf5 9. O-O Qc8 10. f3 Bh3 11. Nf4 Bxg2 12. Kxg2 Nbd7 13. a3 a5 14. b3 b5 15.
Bb2 Qb7 16. h3 Rfd8 17. Qc2 c5 18. dxc5 Bxc5 19. Qd3 Ne5 20. Qxb5 Qxb5 21. Nxb5
Nc6 22. Bxf6 gxf6 23. Nc7 Rab8 24. Ncxd5 Kg7 25. Rfc1 Bd4 26. exd4 Nxd4 27. Rc7
Rxb3 28. Rd1 Nxf3 29. Ne6+ Kg6 30. Ndf4+ Kh6 31. Nxd8 Ne5 32. Nxf7+ Nxf7 33.
Rxf7 Rb2+ 34. Kf3 Kg5 35. Rd5+ 1-0

[Event "Sparkassen-Open B"]
[Site "Heusenstamm, Martinsee"]
[Date "2017.11.23"]
[Round "1.5"]
[White "Bayer, Oliver"]
[Black "Englert, Fred"]
[Result "0-1"]
[WhiteElo "1526"]
[BlackElo "1778"]
[PlyCount "46"]
[EventDate "2017.??.??"]
[WhiteTeam "SK Gründau"]
[BlackTeam "SK Klingenberg"]

1. e4 c6 2. d4 d5 3. exd5 cxd5 4. Nc3 g6 5. Nf3 Bg7 6. Bf4 Nf6 7. Bd3 O-O 8.
Qd2 Nc6 9. Bh6 Re8 10. O-O-O Qa5 11. h4 Bg4 12. Be2 Rac8 13. Bxg7 Kxg7 14. Ne5
Bxe2 15. Qxe2 Nb4 16. Kb1 Rxc3 17. bxc3 Qxa2+ 18. Kc1 Qa1+ 19. Kd2 Ne4+ 20. Ke3
Qxc3+ 21. Nd3 Nxc2+ 22. Kf4 Nxd4 23. Qg4 f5 0-1

[Event "Sparkassen-Open B"]
[Site "Heusenstamm, Martinsee"]
[Date "2017.11.23"]
[Round "1.6"]
[White "Merges, Harald"]
[Black "Lehmann, Nils"]
[Result "1/2-1/2"]
[WhiteElo "1773"]
[BlackElo "1524"]
[PlyCount "51"]
[EventDate "2017.??.??"]
[WhiteTeam "SG Reil-Kinheim"]
[BlackTeam "SV Lahn Limburg"]

1. e4 e5 2. Nf3 Nc6 3. Bb5 Bc5 4. Nc3 d6 5. h3 Nf6 6. d3 h6 7. Na4 Bb6 8. Nxb6
axb6 9. O-O O-O 10. c3 Ne7 11. Qe2 Ng6 12. d4 Bd7 13. Bxd7 Qxd7 14. Rd1 Qe7 15.
dxe5 Nxe5 16. Nxe5 Qxe5 17. f3 Qe6 18. c4 Rad8 19. Be3 Nd7 20. b3 Ne5 21. Qd2
Qg6 22. Qf2 Qf6 23. Qg3 Qg6 24. Qxg6 Nxg6 25. a4 Ra8 26. Kf2 1/2-1/2

[Event "Sparkassen-Open B"]
[Site "Heusenstamm, Martinsee"]
[Date "2017.11.23"]
[Round "1.7"]
[White "Ummen, Jonathan"]
[Black "Füssel, Jan Michael"]
[Result "1/2-1/2"]
[WhiteElo "1520"]
[BlackElo "1772"]
[PlyCount "99"]
[EventDate "2017.??.??"]
[WhiteTeam "vereinslos"]
[BlackTeam "VSG Offenbach"]

1. Nf3 g6 2. d4 Bg7 3. e3 Nf6 4. c4 O-O 5. Nc3 d6 6. Be2 c5 7. d5 Bf5 8. h3 Ne4
9. Nxe4 Bxe4 10. Ng5 Bf5 11. e4 Bd7 12. O-O a6 13. Rb1 b5 14. a3 bxc4 15. Bxc4
Qb6 16. Bd2 Bb5 17. b3 Nd7 18. Qc2 Rab8 19. a4 Bxc4 20. bxc4 Qa7 21. f4 Rb7 22.
Rxb7 Qxb7 23. Rb1 Qa7 24. Rb3 Rb8 25. a5 Rb7 26. g4 Qb8 27. Rxb7 Qxb7 28. Kg2
h6 29. Nf3 Nf6 30. e5 Nd7 31. Bc3 Qb8 32. e6 Nf8 33. f5 Bxc3 34. Qxc3 f6 35.
Qc2 gxf5 36. gxf5 Qb4 37. Qa2 Qc3 38. Qa4 Qb2+ 39. Kg3 Qb8 40. Qc6 Nh7 41. h4
Qf8 42. Kh3 h5 43. Qxa6 Qg7 44. Nh2 Qg1 45. Qb5 Qe3+ 46. Kg2 Qe2+ 47. Kg3 Qe5+
48. Kg2 Qe2+ 49. Kg1 Qe3+ 50. Kg2 1/2-1/2

[Event "Sparkassen-Open B"]
[Site "Heusenstamm, Martinsee"]
[Date "2017.11.23"]
[Round "1.8"]
[White "Haftmann, Rainer"]
[Black "Hüttinger, Siegfried"]
[Result "1-0"]
[WhiteElo "1768"]
[BlackElo "1519"]
[PlyCount "75"]
[EventDate "2017.??.??"]
[WhiteTeam "SG Dietzenbach"]
[BlackTeam "SC Königsspringer Alzenau"]

1. e4 c5 2. Nf3 Nc6 3. d4 cxd4 4. Nxd4 g6 5. Nc3 Bg7 6. Be3 e6 7. Qd2 a6 8. Bc4
Nge7 9. Bb3 Na5 10. O-O-O b5 11. Kb1 Bb7 12. f3 Rc8 13. Ncxb5 Nxb3 14. Nd6+ Kf8
15. cxb3 Rc7 16. Rc1 Nc6 17. Nxb7 Rxb7 18. Nxc6 Qf6 19. Bd4 Qh4 20. Bxg7+ Kxg7
21. Qd4+ Qf6 22. Qxf6+ Kxf6 23. Na5 Rb5 24. Nc4 d5 25. exd5 Rxd5 26. Rhd1 Rhd8
27. Rxd5 Rxd5 28. Kc2 Rh5 29. h3 Rg5 30. g4 h5 31. f4 Rc5 32. Re1 hxg4 33. hxg4
g5 34. Re5 Rxe5 35. fxe5+ Kg6 36. Kd3 f5 37. exf6 Kxf6 38. Ke4 1-0

[Event "Sparkassen-Open B"]
[Site "Heusenstamm, Martinsee"]
[Date "2017.11.23"]
[Round "1.9"]
[White "Ebeling, Gereon"]
[Black "Schwarz, Matthias"]
[Result "0-1"]
[WhiteElo "1517"]
[BlackElo "1767"]
[PlyCount "28"]
[EventDate "2017.??.??"]
[WhiteTeam "SK Mainaschaff"]
[BlackTeam "SG Idstein"]

1. e4 e5 2. Nf3 Nc6 3. c3 d5 4. Bb5 dxe4 5. Nxe5 Qd5 6. Bxc6+ bxc6 7. Ng4 Ba6
8. Ne3 Qd3 9. f3 Nf6 10. Rf1 Bc5 11. Rf2 O-O 12. fxe4 Nxe4 13. Rf3 Ng5 14. Rg3
Bxe3 0-1

[Event "Sparkassen-Open B"]
[Site "Heusenstamm, Martinsee"]
[Date "2017.11.23"]
[Round "1.10"]
[White "Baranyai-Molnar, Adam-Kristof"]
[Black "Werner, Rosalie"]
[Result "1-0"]
[WhiteElo "1715"]
[BlackElo "1494"]
[PlyCount "141"]
[EventDate "2017.??.??"]
[WhiteTeam "SF Neuberg"]
[BlackTeam "VSG Offenbach"]

1. e4 e6 2. d4 d5 3. exd5 exd5 4. Nf3 Bd6 5. c4 c6 6. Nc3 Nf6 7. Bg5 Be6 8. Qa4
O-O 9. O-O-O Nbd7 10. c5 Bc7 11. Bd3 h6 12. Bh4 Bf4+ 13. Kb1 Qc8 14. h3 b6 15.
g4 g5 16. Bg3 Qc7 17. Ne5 Nxe5 18. Bxf4 gxf4 19. dxe5 Qxe5 20. Rhe1 Qc7 21. Qd4
Nh7 22. Bf5 Rfe8 23. Re5 bxc5 24. Qxf4 Kg7 25. Bxe6 Re7 26. Qf5 Ng5 27. Rexd5
fxe6 28. Qe5+ Qxe5 29. Rxe5 Rf8 30. h4 Nf3 31. Rxc5 Nxh4 32. Rh1 Ng2 33. g5
Rxf2 34. gxh6+ Kh7 35. Ne4 Re2 36. Re5 Nf4 37. Ng5+ Kh8 38. Rxe2 Nxe2 39. Re1
Nd4 40. Rf1 Kg8 41. Rf6 a6 42. Rg6+ Kh8 43. h7 Rxh7 44. Nxh7 Kxh7 45. Rg4 c5
46. Re4 Kg6 47. Re5 Kf6 48. Rxc5 e5 49. Kc1 e4 50. Kd2 Ne6 51. Ra5 Ng5 52. Ke3
Kg6 53. Rxa6+ Kf5 54. Ra5+ Kf6 55. Rxg5 Kxg5 56. Kxe4 Kf6 57. b4 Ke6 58. a4 Kd6
59. Kd4 Kc6 60. b5+ Kb6 61. Kc4 Kb7 62. a5 Kc7 63. Kc5 Kb7 64. Kd6 Ka7 65. Kc7
Ka8 66. a6 Ka7 67. b6+ Ka8 68. b7+ Ka7 69. b8=Q+ Kxa6 70. Qb4 Ka7 71. Qb7# 1-0

[Event "Sparkassen-Open B"]
[Site "Heusenstamm, Martinsee"]
[Date "2017.11.23"]
[Round "1.11"]
[White "Pomrehn, Ole Magnus"]
[Black "Bunjaku, Lulzim"]
[Result "0-1"]
[WhiteElo "1512"]
[BlackElo "1756"]
[PlyCount "92"]
[EventDate "2017.??.??"]
[WhiteTeam "SF Schöneck"]
[BlackTeam "SC Heusenstamm"]

1. d4 f5 2. Nf3 Nf6 3. c3 e6 4. Bg5 c5 5. e3 b6 6. Nbd2 Be7 7. h3 O-O 8. Bd3 d5
9. O-O Ne4 10. Bf4 Nc6 11. Ne5 Nxe5 12. Bxe5 Bd6 13. Nf3 Bb7 14. Bxd6 Qxd6 15.
Ne5 Rf6 16. Bxe4 fxe4 17. Ng4 Rf5 18. Qe2 a5 19. Rfd1 Ba6 20. Qd2 Raf8 21. Qe1
h5 22. Ne5 Rxf2 23. Qxf2 Rxf2 24. Kxf2 g5 25. Rg1 Qf8+ 26. Ke1 Qh6 27. Kd2 Qf6
28. Ke1 g4 29. Rd1 g3 30. Kd2 Qf2+ 31. Kc1 Qxe3+ 32. Kb1 cxd4 33. cxd4 Be2 34.
Rde1 Qxd4 35. Rxe2 Qxg1+ 36. Kc2 Qc5+ 37. Kb1 Qd6 38. Ng6 Kg7 39. Nh4 Qf4 40.
Re1 Qxh4 41. Kc2 d4 42. Rd1 d3+ 43. Kc3 Qf6+ 44. Kb3 Qd4 45. a3 b5 46. Ka2 e3
0-1

[Event "Sparkassen-Open B"]
[Site "Heusenstamm, Martinsee"]
[Date "2017.11.23"]
[Round "1.12"]
[White "Sikorra, Philipp"]
[Black "Moldenhauer, Lennart"]
[Result "1-0"]
[WhiteElo "1755"]
[BlackElo "1502"]
[PlyCount "43"]
[EventDate "2017.??.??"]
[WhiteTeam "SC Ladja Roßdorf"]
[BlackTeam "SV Oberursel"]

1. e4 e5 2. f4 Bc5 3. Nf3 Nc6 4. fxe5 Nxe5 5. Nxe5 Qh4+ 6. g3 Qxe4+ 7. Qe2 Qxh1
8. Ng6+ Ne7 9. Nxh8 d6 10. d4 Bxd4 11. Nd2 Be6 12. Nxf7 Kxf7 13. Nf3 Bf6 14.
Bd2 Bg4 15. Qc4+ Be6 16. Qe2 Bg4 17. Qc4+ Be6 18. Qf4 Ng6 19. Qe4 Ke7 20. O-O-O
d5 21. Bb4+ Kd8 22. Qxe6 1-0

[Event "Sparkassen-Open B"]
[Site "Heusenstamm, Martinsee"]
[Date "2017.11.23"]
[Round "1.13"]
[White "Sitta, Stefan"]
[Black "Becker, Ralph"]
[Result "0-1"]
[WhiteElo "1502"]
[BlackElo "1753"]
[PlyCount "66"]
[EventDate "2017.??.??"]
[WhiteTeam "Sfr. Stiller Zug"]
[BlackTeam "SC Paimar"]

1. f4 d5 2. Nf3 Nf6 3. g3 c5 4. Bg2 Nc6 5. O-O e6 6. d3 Be7 7. Qe1 b5 8. e4
dxe4 9. dxe4 Qb6 10. Nc3 c4+ 11. Be3 Bc5 12. Bxc5 Qxc5+ 13. Kh1 b4 14. Nd1 O-O
15. e5 Nd5 16. Qe4 Nce7 17. Ng5 g6 18. Qe2 h6 19. Ne4 Qb6 20. Nf6+ Kg7 21. g4
Qc7 22. h4 Bb7 23. g5 h5 24. Nxh5+ gxh5 25. Qxh5 Rh8 26. Qg4 Nf5 27. h5 Rxh5+
28. Kg1 Rh4 29. Qf3 Rxf4 30. Qxf4 Nxf4 31. Rxf4 Bxg2 32. Kxg2 Qxe5 33. Rf1 Qg3+
0-1

[Event "Sparkassen-Open B"]
[Site "Heusenstamm, Martinsee"]
[Date "2017.11.23"]
[Round "1.14"]
[White "Zerhusen, Martin"]
[Black "Löhr, Frank"]
[Result "1-0"]
[WhiteElo "1751"]
[BlackElo "1484"]
[PlyCount "69"]
[EventDate "2017.??.??"]
[WhiteTeam "SV Oberursel"]
[BlackTeam "SF Ötzingen"]

1. d4 d5 2. c4 c6 3. Nc3 Nf6 4. Bg5 e6 5. e3 Nbd7 6. Nf3 Be7 7. Bd3 dxc4 8.
Bxc4 O-O 9. O-O Qc7 10. a3 Bd6 11. Rc1 b6 12. Be2 Bb7 13. Nb5 Qb8 14. Nxd6 Qxd6
15. Bf4 Qe7 16. Ne5 Nxe5 17. Bxe5 Rfd8 18. Qa4 Ne4 19. Rc2 f5 20. Rfc1 Rd5 21.
Bf3 c5 22. Bxe4 fxe4 23. Bg3 a6 24. Qb3 b5 25. Rxc5 Rxc5 26. Rxc5 Bd5 27. Qc3
Qe8 28. Rc7 Qh5 29. h3 Rf8 30. Kh2 Rf7 31. Rc8+ Rf8 32. Be5 Bb7 33. Qc7 Qf7 34.
Qxf7+ Kxf7 35. Rc7+ 1-0

[Event "Sparkassen-Open B"]
[Site "Heusenstamm, Martinsee"]
[Date "2017.11.23"]
[Round "1.15"]
[White "Giebitz, Walter"]
[Black "Ringeltaube, Denny"]
[Result "0-1"]
[WhiteElo "1483"]
[BlackElo "1746"]
[PlyCount "58"]
[EventDate "2017.??.??"]
[WhiteTeam "SC Steinbach"]
[BlackTeam "Klub Kölner SF"]

1. e4 c5 2. Nc3 e6 3. Bc4 Nc6 4. Nf3 g6 5. d4 cxd4 6. Nxd4 Bg7 7. Nxc6 bxc6 8.
Bd2 d5 9. exd5 cxd5 10. Bb5+ Bd7 11. Bxd7+ Qxd7 12. Rb1 Ne7 13. O-O O-O 14. Qe2
Rfc8 15. Qd3 Rab8 16. Rfc1 Nf5 17. Bf4 Rb4 18. Qf3 Rbc4 19. Bd2 Nd4 20. Qh3 Nf5
21. Qd3 Rd4 22. Qe2 Nd6 23. Rd1 Rdc4 24. Bf4 Rxf4 25. Qe3 Rfc4 26. Rd3 Bxc3 27.
bxc3 Qa4 28. Qe5 Qxc2 29. Rdd1 Ne4 0-1

[Event "Sparkassen-Open B"]
[Site "Heusenstamm, Martinsee"]
[Date "2017.11.23"]
[Round "1.16"]
[White "Kohn, Matthias"]
[Black "Grabs, Peter"]
[Result "1-0"]
[WhiteElo "1739"]
[BlackElo "1481"]
[PlyCount "43"]
[EventDate "2017.??.??"]
[WhiteTeam "SF Mahndorf"]
[BlackTeam "SC Empor Potsdam"]

1. c4 c5 2. g3 Nc6 3. Bg2 e5 4. Nc3 Nge7 5. e3 b6 6. Nge2 Bb7 7. b3 Qc8 8. d3
d6 9. O-O a6 10. Bb2 Rb8 11. f4 Ba8 12. fxe5 Nf5 13. Qd2 Nxe5 14. Nd5 Ne7 15.
Nef4 g5 16. Nf6+ Kd8 17. N4d5 h5 18. d4 N5g6 19. dxc5 bxc5 20. Qa5+ Rb6 21.
Qxb6+ Qc7 22. Qxc7# 1-0

[Event "Sparkassen-Open B"]
[Site "Heusenstamm, Martinsee"]
[Date "2017.11.23"]
[Round "1.17"]
[White "Jung, Kenny"]
[Black "Mügendt, Brian Christopher"]
[Result "1/2-1/2"]
[WhiteElo "1465"]
[BlackElo "1732"]
[PlyCount "121"]
[EventDate "2017.??.??"]
[WhiteTeam "SF Schöneck"]
[BlackTeam "SC Heusenstamm"]

1. e4 c5 2. Nf3 d6 3. Bb5+ Nd7 4. Bxd7+ Bxd7 5. c4 Nf6 6. d3 e6 7. Nc3 Bc6 8.
Qc2 Be7 9. b3 O-O 10. Bb2 d5 11. O-O d4 12. Ne2 Nd7 13. b4 b6 14. b5 Bb7 15.
Ng3 Bd6 16. Qe2 Qc7 17. Kh1 Rae8 18. Nd2 f5 19. Rg1 f4 20. Ngf1 Ne5 21. Nf3 Ng6
22. Rc1 Bc8 23. N1d2 e5 24. Rcf1 Bg4 25. h3 Bd7 26. Nh2 Qc8 27. Ng4 Bxg4 28.
Qxg4 Qxg4 29. hxg4 Re6 30. Kh2 Nh8 31. Rh1 Rh6+ 32. Kg1 Rxh1+ 33. Kxh1 Rf6 34.
f3 Nf7 35. Kg1 Rh6 36. Kf2 Rh2 37. Rg1 Ng5 38. Nf1 Rh6 39. Bc1 Be7 40. Ke2 Ne6
41. Nd2 Rh4 42. Nb3 h5 43. gxh5 Rxh5 44. Nd2 g5 45. a4 Kf7 46. Bb2 Rh4 47. Kf1
Nf8 48. Bc1 Nh7 49. Kf2 Nf6 50. Nf1 Nh5 51. g3 fxg3+ 52. Nxg3 Nf4 53. Bxf4 gxf4
54. Nf5 Rh2+ 55. Rg2 Bh4+ 56. Nxh4 Rxh4 57. Rg1 Rh2+ 58. Rg2 Rh1 59. Rg1 Rxg1
60. Kxg1 Kg6 61. Kg2 1/2-1/2

[Event "Sparkassen-Open B"]
[Site "Heusenstamm, Martinsee"]
[Date "2017.11.23"]
[Round "1.18"]
[White "Schwenk, Stefan"]
[Black "Gräf, Jakob"]
[Result "1-0"]
[WhiteElo "1727"]
[BlackElo "1476"]
[PlyCount "115"]
[EventDate "2017.??.??"]
[WhiteTeam "TuS Dotzheim"]
[BlackTeam "SV Frankfurt Nord"]

1. c4 c6 2. g3 d5 3. cxd5 cxd5 4. d4 Nf6 5. Nc3 e6 6. Bg2 Bd6 7. e3 O-O 8. Nge2
Nc6 9. O-O Bd7 10. a3 Qe7 11. Nb5 Na5 12. Nxd6 Qxd6 13. Bd2 Qc7 14. Rc1 Qb6 15.
Bb4 Rfc8 16. Rxc8+ Rxc8 17. Bxa5 Qxa5 18. Nc3 Bb5 19. Nxb5 Qxb5 20. Qd2 g6 21.
Rc1 Rc6 22. Bf1 Qb6 23. Bd3 Rxc1+ 24. Qxc1 Qb3 25. Qd2 Nd7 26. f3 Nb6 27. Qc2
Qxc2 28. Bxc2 Nc4 29. Kf2 Kf8 30. e4 Ke7 31. Bb3 Nd2 32. Bc2 Kd6 33. b3 dxe4
34. fxe4 f5 35. exf5 gxf5 36. Ke2 Ne4 37. Bxe4 fxe4 38. Ke3 Kd5 39. g4 e5 40.
dxe5 Kxe5 41. h4 b6 42. a4 a6 43. h5 h6 44. b4 a5 45. b5 Kf6 46. Kxe4 Kg5 47.
Kf3 Kf6 48. Kf4 Ke6 49. g5 hxg5+ 50. Kxg5 Kf7 51. Kf5 Kg7 52. Ke5 Kh6 53. Kd6
Kxh5 54. Kc6 Kg6 55. Kxb6 Kf6 56. Kxa5 Ke7 57. Kb6 Kd8 58. Ka7 1-0

[Event "Sparkassen-Open B"]
[Site "Heusenstamm, Martinsee"]
[Date "2017.11.23"]
[Round "1.19"]
[White "Brunner, Andreas"]
[Black "Hambel, Christoph"]
[Result "0-1"]
[WhiteElo "1475"]
[BlackElo "1679"]
[PlyCount "52"]
[EventDate "2017.??.??"]
[WhiteTeam "Berkershm"]
[BlackTeam "Bad Vilbeler Sfr"]

1. d4 Nf6 2. c4 c5 3. Nc3 e6 4. Nf3 cxd4 5. Qxd4 Nc6 6. Qd1 b6 7. Bg5 Bb7 8. e3
h6 9. Bh4 Be7 10. Bg3 d6 11. Qa4 O-O 12. O-O-O a6 13. Ne5 Qc7 14. Nxc6 Bxc6 15.
Qc2 Rac8 16. b3 Nh5 17. f3 Nxg3 18. hxg3 d5 19. Rd4 Qe5 20. Qd3 Bc5 21. f4 Qf6
22. g4 Bxd4 23. g5 Bxe3+ 24. Qxe3 Qg6 25. gxh6 gxh6 26. g4 d4 0-1

[Event "Sparkassen-Open B"]
[Site "Heusenstamm, Martinsee"]
[Date "2017.11.23"]
[Round "1.20"]
[White "Burow, Roger"]
[Black "Schwegler, Jelena"]
[Result "1-0"]
[WhiteElo "1708"]
[BlackElo "1462"]
[PlyCount "45"]
[EventDate "2017.??.??"]
[WhiteTeam "SV Kelsterbach"]
[BlackTeam "SK Bad Homburg"]

1. e4 e5 2. Bc4 Bc5 3. Nf3 Nc6 4. b4 Bxb4 5. c3 Bc5 6. d4 exd4 7. cxd4 Bb4+ 8.
Bd2 Bxd2+ 9. Nbxd2 Nf6 10. O-O d5 11. exd5 Nxd5 12. Re1+ Be6 13. Qb3 O-O 14.
Qxb7 Na5 15. Qa6 Nxc4 16. Qxc4 Qf6 17. Ne4 Qg6 18. Ne5 Qf5 19. Qd3 Nf4 20. Qg3
Bd5 21. f3 f6 22. Ng4 Bc4 23. Nh6+ 1-0

[Event "Sparkassen-Open B"]
[Site "Heusenstamm, Martinsee"]
[Date "2017.11.23"]
[Round "1.21"]
[White "Tobias, Christian"]
[Black "Senatov, Boris"]
[Result "0-1"]
[WhiteElo "1457"]
[BlackElo "1704"]
[PlyCount "62"]
[EventDate "2017.??.??"]
[WhiteTeam "SV Oberursel"]
[BlackTeam "SC Heusenstamm"]

1. e4 c5 2. c3 Nf6 3. e5 Nd5 4. d4 cxd4 5. cxd4 Nc6 6. Nf3 d6 7. Bc4 Nb6 8. Bb5
a6 9. Bxc6+ bxc6 10. exd6 exd6 11. O-O Be7 12. Nc3 O-O 13. Ne4 Bg4 14. Qd3 Qd7
15. Bg5 Bf5 16. Bxe7 Qxe7 17. Rfe1 d5 18. Ng3 Qxe1+ 19. Nxe1 Bxd3 20. Nxd3 Nd7
21. Rc1 Rfc8 22. Nf5 Kf8 23. Nb4 a5 24. Nd6 axb4 25. Nxc8 Rxc8 26. a3 bxa3 27.
bxa3 c5 28. a4 c4 29. Kf1 Ra8 30. Ra1 Ra5 31. Ke2 Nb6 0-1

[Event "Sparkassen-Open B"]
[Site "Heusenstamm, Martinsee"]
[Date "2017.11.23"]
[Round "1.22"]
[White "Edel, Fenja"]
[Black "Tiggemann, Felix"]
[Result "1-0"]
[WhiteElo "1694"]
[BlackElo "1453"]
[PlyCount "89"]
[EventDate "2017.??.??"]
[WhiteTeam "SV Springe"]
[BlackTeam "SF Schöneck"]

1. e4 e6 2. d4 d5 3. exd5 exd5 4. c4 Nf6 5. Bd3 Bd6 6. Ne2 O-O 7. O-O c6 8. Bf4
Bxf4 9. Nxf4 Qb6 10. b3 dxc4 11. Bxc4 Rd8 12. Ne2 Bg4 13. f3 Bf5 14. Nbc3 Nbd7
15. Kh1 Nf8 16. Qe1 Qc7 17. Rd1 b5 18. Bd3 Bxd3 19. Rxd3 Ne6 20. Qd2 Rd6 21.
Rc1 Qd7 22. Ne4 Nxe4 23. fxe4 f6 24. Qc3 Rd8 25. Rcd1 Ng5 26. Ng3 g6 27. h4 Ne6
28. h5 Ng5 29. Qd2 Ne6 30. Qf2 Kg7 31. h6+ Kf7 32. e5 Rd5 33. Qxf6+ Kg8 34. Ne2
Qf7 35. Qh4 c5 36. Rf3 Qd7 37. Rdf1 Nxd4 38. Rf7 Qxf7 39. Rxf7 Kxf7 40. Qf6+
Ke8 41. Nf4 R5d7 42. Qh8+ Kf7 43. Qxh7+ Kf8 44. Nxg6+ Ke8 45. Qg8# 1-0

[Event "Sparkassen-Open B"]
[Site "Heusenstamm, Martinsee"]
[Date "2017.11.23"]
[Round "1.23"]
[White "Baltic, Sara"]
[Black "Björknes, Uwe"]
[Result "0-1"]
[WhiteElo "1442"]
[BlackElo "1696"]
[PlyCount "58"]
[EventDate "2017.??.??"]
[WhiteTeam "DJK Aufwärts Aachen"]
[BlackTeam "SC Bergen-Enkheim"]

1. e4 d5 2. exd5 Nf6 3. Nf3 Nxd5 4. d4 Bg4 5. c3 e6 6. Qd3 c6 7. Ne5 Bf5 8. Qf3
Nd7 9. Bc4 Bd6 10. Bxd5 cxd5 11. Bf4 Qc7 12. Qg3 Bxe5 13. Bxe5 Nxe5 14. dxe5
O-O 15. Nd2 Qb6 16. b3 Rac8 17. c4 Qd4 18. Rd1 Bc2 19. Rc1 Qb2 20. O-O d4 21.
c5 f5 22. Ra1 Qa3 23. Rfc1 Qxc5 24. Nc4 d3 25. Qe3 Qb4 26. Qd2 Rxc4 27. Qe3 Re4
28. Qf3 d2 29. Rxc2 Re1+ 0-1

[Event "Sparkassen-Open B"]
[Site "Heusenstamm, Martinsee"]
[Date "2017.11.23"]
[Round "1.24"]
[White "Mehl, Ulrich"]
[Black "Herdt, Werner"]
[Result "1/2-1/2"]
[WhiteElo "1599"]
[BlackElo "1425"]
[PlyCount "72"]
[EventDate "2017.??.??"]
[WhiteTeam "Berkershm"]
[BlackTeam "SF Heusenstamm"]

1. d4 d5 2. c4 e6 3. Nc3 Nf6 4. Bg5 Be7 5. e3 O-O 6. Nf3 Nbd7 7. Bd3 h6 8. Bh4
dxc4 9. Bxc4 a6 10. O-O b5 11. Bd3 Bb7 12. Rc1 Rc8 13. a3 c5 14. Bb1 c4 15. Qc2
Bxf3 16. gxf3 g5 17. Bg3 Kg7 18. e4 Rh8 19. Kh1 Nh5 20. e5 Qb6 21. Rcd1 Qc6 22.
d5 exd5 23. Nxd5 Bd8 24. e6 Qxe6 25. Rfe1 Qg6 26. Qc3+ Bf6 27. Qc1 Nxg3+ 28.
fxg3 Qh5 29. Re3 Rhe8 30. Bf5 Rxe3 31. Qxe3 Bxb2 32. Bxd7 Rf8 33. Ne7 f6 34.
Nf5+ Kh8 35. Qe7 Qxf3+ 36. Kg1 Qxd1+ 1/2-1/2

[Event "Sparkassen-Open B"]
[Site "Heusenstamm, Martinsee"]
[Date "2017.11.23"]
[Round "1.25"]
[White "Skopp, Jonathan"]
[Black "Peteani, Damien"]
[Result "1/2-1/2"]
[WhiteElo "1218"]
[BlackElo "1687"]
[PlyCount "65"]
[EventDate "2017.??.??"]
[WhiteTeam "SV Empor Erfurt"]
[BlackTeam "SV Groß-Gerau"]

1. d4 e6 2. Bf4 f5 3. e3 Nf6 4. Nf3 d5 5. Nbd2 Be7 6. Ne5 Nbd7 7. Ndf3 Nxe5 8.
Nxe5 c6 9. Be2 O-O 10. c3 Qe8 11. h4 h5 12. Bg5 Ng4 13. Bxe7 Qxe7 14. Ng6 Qf6
15. Nxf8 Kxf8 16. f3 Nxe3 17. Qd2 Qh6 18. Kf2 Ng4+ 19. Ke1 Ne3 20. Kf2 f4 21.
Bd3 Bd7 22. Rae1 Kf7 23. Rhg1 Rg8 24. g3 g5 25. hxg5 Qxg5 26. Rxe3 fxe3+ 27.
Qxe3 Qxe3+ 28. Kxe3 Kf6 29. Kf4 Rg5 30. Re1 c5 31. g4 hxg4 32. fxg4 cxd4 33.
cxd4 1/2-1/2

[Event "Sparkassen-Open B"]
[Site "Heusenstamm, Martinsee"]
[Date "2017.11.23"]
[Round "1.26"]
[White "Bahr, Arne"]
[Black "Schmitz, Bernhard Hubert"]
[Result "1-0"]
[WhiteElo "1681"]
[BlackElo "1420"]
[PlyCount "21"]
[EventDate "2017.??.??"]
[WhiteTeam "SG Turm Kiel"]
[BlackTeam "Vorw.Orient Mainz"]

1. f4 Nf6 2. b3 g6 3. Bb2 d5 4. e3 Bg7 5. Nf3 O-O 6. Be2 b6 7. O-O Bb7 8. c4 e6
9. d3 Ng4 10. Bxg7 Nxe3 11. Qc1 1-0

[Event "Sparkassen-Open B"]
[Site "Heusenstamm, Martinsee"]
[Date "2017.11.23"]
[Round "1.27"]
[White "Hahnenstein, Leon"]
[Black "Westhof, Benedikt"]
[Result "0-1"]
[WhiteElo "1411"]
[BlackElo "1681"]
[PlyCount "62"]
[EventDate "2017.??.??"]
[WhiteTeam "SC Herborn"]
[BlackTeam "SC Heusenstamm"]

1. e4 e5 2. Nf3 Nf6 3. Nxe5 d6 4. Nf3 Nxe4 5. Bc4 d5 6. Bb3 Bg4 7. h3 Bh5 8.
O-O Be7 9. d3 Nf6 10. Be3 O-O 11. c3 Nbd7 12. Nbd2 Ne5 13. Bc2 Qd7 14. Re1 Qb5
15. Bd4 Nxf3+ 16. Nxf3 c5 17. Bxf6 Bxf6 18. Rb1 Qa6 19. a3 Rfe8 20. Rxe8+ Rxe8
21. Rc1 Qe6 22. Bb3 c4 23. Bc2 Qe2 24. Qxe2 Rxe2 25. d4 Bxf3 26. gxf3 Bg5 27.
Rb1 Rxc2 28. b3 Rc1+ 29. Rxc1 Bxc1 30. bxc4 dxc4 31. a4 Kf8 0-1

[Event "Sparkassen-Open B"]
[Site "Heusenstamm, Martinsee"]
[Date "2017.11.23"]
[Round "1.28"]
[White "Gade, Bernt"]
[Black "Edenhäuser, Hermann"]
[Result "0-1"]
[WhiteElo "1666"]
[BlackElo "1419"]
[PlyCount "90"]
[EventDate "2017.??.??"]
[WhiteTeam "Berkershm"]
[BlackTeam "SC Heusenstamm"]

1. e4 e6 2. d4 d5 3. Nc3 Nf6 4. e5 Nfd7 5. Nf3 c5 6. Bf4 cxd4 7. Nxd4 Nc6 8.
Nxc6 bxc6 9. a3 a5 10. Bd3 Ba6 11. O-O Be7 12. Qg4 g6 13. Rfe1 Qc7 14. Qe2 Bxd3
15. cxd3 Bc5 16. Rac1 Rb8 17. Na4 Bd4 18. Bg3 O-O 19. Kh1 Rb3 20. Qc2 Rfb8 21.
f4 Bxb2 22. Nxb2 Rxb2 23. Qxc6 Qxc6 24. Rxc6 R8b3 25. d4 Nb6 26. Bh4 Rb1 27.
Rcc1 Rxc1 28. Rxc1 Nc4 29. Be7 a4 30. Bb4 Kg7 31. g4 f5 32. gxf5 gxf5 33. Rc3
Rxc3 34. Bxc3 Nxa3 35. Kg2 Nc2 36. Bb2 a3 37. Bc3 a2 38. Kf2 a1=Q 39. Bxa1 Nxa1
40. Ke2 Kf7 41. Kd3 Nb3 42. Kc3 Na5 43. Kb4 Nc4 44. Kc3 Ne3 45. Kd3 Ng2 0-1